|
|
|
|
| LEADER |
01651nam a2200337Ia 4500 |
| 001 |
EBC3050587 |
| 003 |
MiAaPQ |
| 005 |
20200520144314.0 |
| 006 |
m o d | |
| 007 |
cr cn||||||||| |
| 008 |
031030s2003 dcuab sb i000 0 eng d |
| 020 |
|
|
|z 0821350463
|
| 020 |
|
|
|a 0585465606 (electronic bk.)
|
| 035 |
|
|
|a (MiAaPQ)EBC3050587
|
| 035 |
|
|
|a (Au-PeEL)EBL3050587
|
| 035 |
|
|
|a (CaPaEBR)ebr10040257
|
| 035 |
|
|
|a (CaONFJC)MIL8654
|
| 035 |
|
|
|a (OCoLC)469637794
|
| 040 |
|
|
|a MiAaPQ
|c MiAaPQ
|d MiAaPQ
|
| 050 |
|
4 |
|a HE551
|b .P757 2003
|
| 245 |
0 |
0 |
|a Port reform toolkit
|h [electronic resource] :
|b effective decision support for policymakers /
|c Public-Private Infrastructure Advisory Facility.
|
| 260 |
|
|
|a Washington, DC :
|b World Bank,
|c [c2003]
|
| 300 |
|
|
|a 452 p. :
|b col. ill., maps.
|
| 504 |
|
|
|a Includes bibliographical references.
|
| 505 |
0 |
|
|a Module 1. Framework for port reform -- Module 2. The evolution of ports in a competitive world -- Module 3. Alternative port management structures and ownership models -- Module 4. Legal tools for port reform -- Module 5. Financial implications of port reform -- Module 6. Port regulation module -- Module 7. Labor reform and related social issues -- Module 8. Implementing port reform.
|
| 533 |
|
|
|a Electronic reproduction. Ann Arbor, MI : ProQuest, 2015. Available via World Wide Web. Access may be limited to ProQuest affiliated libraries.
|
| 650 |
|
0 |
|a Harbors
|x Management.
|
| 650 |
|
0 |
|a Harbors
|x Government policy.
|
| 655 |
|
4 |
|a Electronic books.
|
| 710 |
2 |
|
|a ProQuest (Firm)
|
| 856 |
4 |
0 |
|u https://ebookcentral.proquest.com/lib/matrademy/detail.action?docID=3050587
|z Click to View
|